000 00669nam a22001817a 4500
999 _c190977
_d190977
005 20220816162743.0
010 _aB-745317
020 _a9789390389797
_c145.00
035 _aB-745317
037 _bPrabhat Exam
100 _aDharmesh, Singh
245 _aUPSC CSAT Civil Services Aptitude Test:
_bGeneral Studies Paper-II Solved Papers (2011-2020) /
_cDharmesh Singh
260 _aNew Delhi
_bPrabhat Exam
270 _a4/19 Asaf Ali Road New Delhi
_bNew Delhi
_e110002
_k7827007777
_mprabhatbooks@gmail.com
300 _a146p.
_c28cm(pbk)
942 _2ddc
_cEN
_mDHA
_h000